Elementary statistics : (Record no. 2592)
[ view plain ]
| 000 -LEADER | |
|---|---|
| fixed length control field | 00535cam a2200169 a 4500 |
| 020 ## - INTERNATIONAL STANDARD BOOK NUMBER | |
| International Standard Book Number | 9780073386096 |
| 050 00 - LIBRARY OF CONGRESS CALL NUMBER | |
| Classification number | QA276.12 |
| Item number | .B59 2010 |
| 100 1# - MAIN ENTRY--PERSONAL NAME | |
| Personal name | Bluman, Allan G. |
| 245 10 - TITLE STATEMENT | |
| Title | Elementary statistics : |
| Remainder of title | a step by step approach (a brief version) / |
| Statement of responsibility, etc. | Allan G. Bluman. |
| 250 ## - EDITION STATEMENT | |
| Edition statement | 5th ed. |
| 260 ## - PUBLICATION, DISTRIBUTION, ETC. (IMPRINT) | |
| Place of publication, distribution, etc. | Boston [USA] : |
| Name of publisher, distributor, etc. | McGraw-Hill, |
| Date of publication, distribution, etc. | c2010. |
| 300 ## - PHYSICAL DESCRIPTION | |
| Extent | xxv, 810 p. : |
| 500 ## - GENERAL NOTE | |
| General note | Includes index |
| 650 ## - SUBJECT ADDED ENTRY--TOPICAL TERM | |
| Topical term following geographic name as entry element | Statistics ; |
| -- | Mathematical statistics |
| 856 41 - ELECTRONIC LOCATION AND ACCESS | |
| Uniform Resource Identifier | <a href="http://www.loc.gov/catdir/toc/fy038/2003044189.html">http://www.loc.gov/catdir/toc/fy038/2003044189.html</a> |
| 942 ## - ADDED ENTRY ELEMENTS (KOHA) | |
| Koha item type | General circulation |
| Withdrawn status | Lost status | Source of classification or shelving scheme | Damaged status | Not for loan | Home library | Current library | Shelving location | Date acquired | Source of acquisition | Cost, normal purchase price | Total Checkouts | Full call number | Barcode | Date last seen | Date last checked out | Cost, replacement price | Price effective from | Koha item type | Total Renewals |
|---|---|---|---|---|---|---|---|---|---|---|---|---|---|---|---|---|---|---|---|
| Library of Congress Classification | Main Campus Library | Main Campus Library | General Stacks | 01/09/2014 | Donation- Books For Africa | 2178.00 | 21 | QA 276.12 .B58 2010 | 008483 | 30/11/2019 | 30/11/2019 | 2678.00 | General circulation | 4 | |||||
| Library of Congress Classification | Main Campus Library | Main Campus Library | General Stacks | 09/02/2016 | Donation-Books for Africa | 6 | QA 276.12 .B58 2010 | 2016/010176 | 11/09/2023 | 11/08/2023 | 09/02/2016 | General circulation | 2 | ||||||
| Library of Congress Classification | Main Campus Library | Main Campus Library | General Stacks | 15/05/2017 | Donation - Books for Africa | 1 | QA 276.12 .B58 2010 | 2016/014832 | 17/06/2019 | 17/06/2019 | 15/05/2017 | CD/DVD-ROMs | |||||||
| Library of Congress Classification | Main Campus Library | Main Campus Library | General Stacks | 19/05/2017 | Donation | QA 276.12 .B58 2010 | 2017/019679 | 19/05/2017 | 19/05/2017 | CD/DVD-ROMs | |||||||||
| Library of Congress Classification | Main Campus Library | SEKU-BINDERY | General Stacks | 01/09/2014 | Donation- Books For Africa | 2178.00 | 15 | QA 276.12 .B58 2010 | 2019/022415 | 10/04/2019 | 27/03/2019 | 2678.00 | 01/09/2014 | General circulation |